Governing through crime (Record no. 243352)
[ view plain ]
| 000 -LEADER | |
|---|---|
| fixed length control field | 01567nam a2200349Ia 4500 |
| 082 04 - DEWEY DECIMAL CLASSIFICATION NUMBER | |
| Classification number | 364.40973/09045 |
| 100 1# - MAIN ENTRY--AUTHOR NAME | |
| Personal name | Simon, Jonathan, |
| 245 10 - TITLE STATEMENT | |
| Title | Governing through crime |
| 260 ## - PUBLICATION, DISTRIBUTION, ETC. (IMPRINT) | |
| Place of publication | New York : |
| Name of publisher | Oxford University Press, |
| Year of publication | 2006. |
| 300 ## - PHYSICAL DESCRIPTION | |
| Number of Pages | viii, 330 p. |
| 490 1# - SERIES STATEMENT | |
| Series statement | Studies in crime and public policy |
| 650 #0 - SUBJECT ADDED ENTRY--TOPICAL TERM | |
| Topical Term | Crime |
| Topical Term | Criminal justice, Administration of |
| Topical Term | Crime prevention |
| 856 40 - ELECTRONIC LOCATION AND ACCESS | |
| Uniform Resource Identifier | http://site.ebrary.com/lib/rucke/Doc?id=10161096 |
No items available.
